000 00747nam a2200229Ia 4500
003 CO-CtgCURN
005 20250407225716.0
008 190723s9999 xx 000 0 und d
020 _a8484060845
040 _aCO-CtgCURN
_bspa
_ccoctgcurn
082 _a344.046
_bV286f
100 _aVaquera García, Antonio
245 0 _aFiscalidad y medio ambiente /
_cAntonio Vaquera García
260 _aValladolid, España :
_bLex Nova,
_c1999
300 _a460 páginas ;
_c23 centímetros
521 _aAREA PROFESIONAL
590 _aPrograma de Derecho_18
650 _aDerecho ambiental
650 _aMedio ambiente
942 _cBK
_h344.046
_iV286f
_2ddc
_n0
999 _c28695
_d28695